Представление документа в формате RUSMARC

ПолеНазваниеЗначение
  Тип записи a
  Библиографический уровень m
001 Контрольный номер RU/SLIB/B/208723873
005 Дата корректировки 20201206203956.6
010 Индекс ISBN __
d Цена 1200-00; 3-60
101 Язык документа 0_
a Язык текста rus
c Язык оригинала rus
200 Заглавие и сведения об ответственности 1_
a Заглавие Население мира
e Сведения, относящиеся к заглавию этнодемогр. справ.
f Первые сведения об ответственности С. И. Брук ; отв. ред. П. И. Пучков ; АН СССР, Ин-т Этнографии им. Н. Н. Миклухо-Маклая
b Общее обозначение материала Текст
205 Сведения об издании __
a Основные сведения об издании 2-е изд., перераб. и доп.
210 Выходные данные __
a Место издания М.
c Издательство Наука
d Дата издания 1986
215 Физическое описание __
a Объем 828, [2] с
300 Общие примечания __
a Общие примечания Кн. из лич. б-ки П. А. Грязневича
a Общие примечания Ред. кн.
a Общие примечания Кн. с лич. пометками П. А. Грязневича (1 экз.)
330 Аннотация __
a Аннотация Даются данные по населению в масштабе всего мира: рождаемость и смертность, семейное состояние, браки, разводы, возрастной состав, половая структура населения, миграции внешние и внутренние, размещение населения, урбанизация, этнический и языковой состав, расовая структура населения, религиозный состав.
606 Тематические рубрики __
a Основная рубрика Демография
606 Тематические рубрики __
a Основная рубрика Народонаселение мира
y Географическая подрубрика СССР; Европа; Азия; Африка; Америка; Австралия; Океания
610 Ключевые слова __
a Ключевые слова этнодемографические обзоры; демографическая картина; расселение; численность населения; семейная структура; брачность; разводимость; возрастная структура населения; половой состав; миграция; урбанизация; этносы; этнические процессы; языки мира; народы мира; расовый состав; религиозный состав; население; статистические данные
686 Индексы других классификаций __
a Классификационный индекс 60.7я2; ст60.7я2
700 Автор _1
a Фамилия Брук
b Имя С. И.
4 Код отношения 070
702 Вторичная интеллектуальная ответственность _1
a Фамилия Пучков
b Имя П. И.
4 Код отношения Ответственный редактор
801 Источник записи _0
a Страна RU
b Организация Муниципальное бюджетное учреждение культуры "Централизованная библиотечная система" г. Сургут (Центральная городская библиотека им. А. С. Пушкина)
g Правила каталогизации КиК/Елгина; КиК/Поспелова
801 Источник записи _1
a Страна RU
b Организация Муниципальное бюджетное учреждение культуры "Централизованная библиотечная система" г. Сургут (Центральная городская библиотека им. А. С. Пушкина)
g Правила каталогизации КиК/Елгина; КиК/Поспелова
852 Данные о местонахождении __
j Шифр хранения 60.7я2
c Каталожный индекс 60.7я2
i Авторский знак Б 89
p Инвентарный номер 27471
901 Тип документа __
t Тип документа m
903 Характеристики (МАРС) __
a Дата передачи 20090609
969 Тип издания __
a Тип издания справочник
990 Данные о заказе (DOS) __
j Количество экземпляров (DOS) 2
t N записи в КСУ для И/У (DOS) 200907